[Event "Katowice POL-HUN blitz 8th"]
[Site "Katowice"]
[Date "2020.09.12"]
[Round "1.3"]
[White "Krasenkow, Michal"]
[Black "Binkowski, Tomasz"]
[Result "1-0"]
[WhiteElo "2605"]
[BlackElo "1359"]
[PlyCount "85"]
[EventDate "2020.09.12"]
[EventType "swiss (blitz)"]
[EventRounds "13"]
[EventCountry "POL"]
[SourceTitle "CBM 198 Extra"]
[Source "ChessBase"]
[SourceDate "2020.11.30"]
[SourceVersion "1"]
[SourceVersionDate "2020.11.30"]
[SourceQuality "1"]

1. Nf3 g6 2. e4 Bg7 3. d4 d6 4. c4 Nf6 5. Nc3 0-0 6. h3 Re8 7. Bg5 Nbd7 8. e5 dxe5 9. dxe5 Nh5 10. g4 h6 11. Be3 Bxe5 12. gxh5 Bxc3+ 13. bxc3 g5 14. h4 g4 15. Bxh6 Nf6 16. Qxd8 Rxd8 17. Ne5 Be6 18. Rg1 Kh7 19. Be3 Nxh5 20. Nxg4 Bxg4 21. Rxg4 Nf6 22. Rd4 Rg8 23. Bd3+ Kh8 24. Bg5 Rad8 25. Ke2 Rxd4 26. cxd4 Rd8 27. d5 Ng4 28. Bd2 Ne5 29. Bc3 f6 30. Bxe5 fxe5 31. Rg1 c6 32. dxc6 bxc6 33. Rg5 Rb8 34. Rxe5 Rb2+ 35. Ke3 Rxa2 36. Rxe7 Ra5 37. f4 Rh5 38. f5 Rxh4 39. f6 Rh3+ 40. Kd2 Kg8 41. Bg6 Rh2+ 42. Kc3 Rf2 43. Re8# 1-0

[Event "POL-chT U19 2nd League"]
[Site "Iwonicz"]
[Date "2016.07.31"]
[Round "10.43"]
[White "Klepek, Witold"]
[Black "Binkowski, Tomasz"]
[Result "1-0"]
[WhiteElo "2139"]
[BlackElo "1438"]
[PlyCount "65"]
[EventDate "2016.07.23"]
[EventType "team-swiss"]
[EventRounds "11"]
[EventCountry "POL"]
[SourceTitle "EXT 2019"]
[Source "ChessBase"]
[SourceDate "2018.10.10"]
[SourceVersion "1"]
[SourceVersionDate "2018.10.10"]
[SourceQuality "1"]
[WhiteTeam "Pszczyna PSSz U19"]
[BlackTeam "Tarnowskie Gory Strzybniczanka U19"]
[WhiteTeamCountry "POL"]
[BlackTeamCountry "POL"]

1. e4 e6 2. d4 d5 3. Nd2 Nf6 4. e5 Nfd7 5. Bd3 c5 6. c3 Nc6 7. Ne2 Qb6 8. Nf3 cxd4 9. cxd4 Bb4+ 10. Bd2 f6 11. exf6 Nxf6 12. 0-0 Bxd2 13. Qxd2 0-0 14. Rac1 Qc7 15. Ne5 Qb6 16. Nxc6 bxc6 17. b3 Ba6 18. Nc3 Bxd3 19. Qxd3 Qc7 20. f4 Rf7 21. g3 c5 22. Nb5 Qa5 23. dxc5 Ne4 24. c6 Rc8 25. Nd4 Qxa2 26. Nxe6 Qd2 27. Qxd2 Nxd2 28. Rfd1 Nxb3 29. Rc3 Re7 30. f5 Na5 31. Rxd5 Rxc6 32. Rd8+ Kf7 33. Rd6 1-0